01638nam a2200397 a 4500001001200000003000800012006001900020007001500039008004100054010001700095020004200112020003900154020002700193040002100220035002100241043001200262050002600274082001400300100003400314245015200348260003600500300001700536490005700553504005100610533015200661630006400813650004300877650003700920650002600957650002200983655002901005710001701034830004601051856012601097999001701223ebr10551921CaPaEBRm u cr cn|||||||||110729s2011 nyu sb 001 0 eng d z 2011031755 z9781433115943 (hardcovers alk. paper) z1433115948 (hardcovers alk. paper) z9781453901908 (e-book) aCaPaEBRcCaPaEBR a(OCoLC)792742292 aa-kr---14aBR563.K67bP37 2011eb04a261.52231 aPark, Jung Eun Sophia,d1963-12aA hermeneutic on dislocation as experienceh[electronic resource] :bcreating a borderland, constructing a hybrid identity /cJung Eun Sophia Park. aNew York :bPeter Lang,cc2011. aviii, 137 p.1 aStudies in biblical literature,x1089-0645 ;vv. 146 aIncludes bibliographical references and index. aElectronic reproduction.bPalo Alto, Calif. :cebrary,d2013.nAvailable via World Wide Web.nAccess may be limited to ebrary affiliated libraries.00aBible.pN.T.pVII, 53-VIII, 11xSocio-rhetorical criticism. 0aKorean American womenxReligious life. 0aChristian womenxReligious life. 0aAlienation (Theology) 0aShamanismzKorea. 7aElectronic books.2local2 aebrary, Inc. 0aStudies in biblical literature ;vv. 146.40uhttp://site.ebrary.com/lib/rucke/Doc?id=10551921zAn electronic book accessible through the World Wide Web; click to view c92384d92384